Analýza vnímania pandémie koronavírusu medzi generáciami za použitia korešpondenčnej analýzy
Analýza vnímania pandémie koronavírusu a jeho vplyvu na každodenný život ľudí, rozdiely vo vnímaní aktuálnej situácie medzi jednotlivými generáciami (Generácia Z, Generácia Y, Generácia X a Generácia Baby Boomers), za použitia metódy korešpondenčnej analýzy.
Uložené v:
| Hlavný autor: | |
|---|---|
| Médium: | Kapitola |
| Jazyk: | Slovak |
| Predmet: | |
| Tagy: |
Žiadne tagy, Buďte prvý, kto otaguje tento záznam!
|
MARC
| LEADER | 00000naa$a2200000$$$4500 | ||
|---|---|---|---|
| 001 | 0280347 | ||
| 005 | 20240502074342.4 | ||
| 041 | 0 | |a slo | |
| 044 | |a SK | ||
| 245 | 1 | 0 | |a Analýza vnímania pandémie koronavírusu medzi generáciami za použitia korešpondenčnej analýzy |c Romana Šipoldová |
| 520 | |a Analýza vnímania pandémie koronavírusu a jeho vplyvu na každodenný život ľudí, rozdiely vo vnímaní aktuálnej situácie medzi jednotlivými generáciami (Generácia Z, Generácia Y, Generácia X a Generácia Baby Boomers), za použitia metódy korešpondenčnej analýzy. | ||
| 610 | 2 | 0 | |a pandémia |
| 610 | 2 | 0 | |a koronavírus |
| 610 | 2 | 0 | |a generácie |
| 610 | 2 | 0 | |a správanie |
| 100 | 1 | |a Šipoldová, Romana, 1995- | |